000
00343nam a2200145Ia 4500
003
OSt
005
20240306101442.0
008
170523s9999 xx 000 0 und d
020
_a
978-8120345867
040
_c
iimtu meerut
100
_a
SHARAN- V
245
0
_a
INTERNATIONAL FINANCIAL MANAGEMENT
260
_b
NEW DELHI PHI
942
_2
ddc
_c
02
999
_c
970
_d
970